000 00540nam a2200181 a 4500
005 20140310183143.0
008 020820s19uu xx 00 eng d
050 _aHD 9696.8.A2
_b.P45 1999
100 _aPerkins, Anthony B.
245 _aThe Internet bubble /
_cAnthony B. Perkins.
260 _aNew York :
_bHarperBusiness,
_c1999.
300 _axix, 283 p. :
_b ill. ;
_c23 cm.
521 _aIT
546 _aC0390
650 _aInternet industry
_xfinance
650 _aOnline info services industry
_xfinance
942 _cBK
_2lcc
_kFOR
999 _c19452
_d19452